[Event "Pilsen Region-chT 2223"]
[Site "Czech Republic"]
[Date "2023.04.02"]
[Round "11.2"]
[White "Pelikan, David"]
[Black "Jurek, Josef"]
[Result "0-1"]
[WhiteElo "1974"]
[BlackElo "2206"]
[PlyCount "46"]
[EventDate "2022.10.09"]
[EventType "team-tourn"]
[EventRounds "11"]
[EventCountry "CZE"]
[SourceTitle "EXT 2024"]
[Source "ChessBase"]
[SourceDate "2023.10.10"]
[SourceVersion "1"]
[SourceVersionDate "2023.10.10"]
[SourceQuality "1"]
[WhiteTeam "Petrin"]
[BlackTeam "Dvorec"]
[WhiteTeamCountry "CZE"]
[BlackTeamCountry "CZE"]

1. c4 Nf6 2. Nc3 c5 3. Nf3 b6 4. d4 cxd4 5. Nxd4 Bb7 6. Bg5 Ne4 7. Nxe4 Bxe4 8. Nb5 d6 9. Nc3 Bc6 10. e4 Nd7 11. Bd3 h6 12. Bh4 Qc8 13. 0-0 Qb7 14. b4 Ne5 15. f4 Nxd3 16. Qxd3 e6 17. f5 Be7 18. fxe6 fxe6 19. Bg3 0-0-0 20. a4 Bf6 21. b5 Be8 22. a5 bxa5 23. Rxa5 Qb6+ 0-1

[Event "Pilsen Region-chT 2223"]
[Site "Czech Republic"]
[Date "2022.12.11"]
[Round "5.2"]
[White "Vilimek, Vit"]
[Black "Pelikan, David"]
[Result "0-1"]
[WhiteElo "1964"]
[BlackElo "1974"]
[PlyCount "90"]
[EventDate "2022.10.09"]
[EventType "team-tourn"]
[EventRounds "11"]
[EventCountry "CZE"]
[SourceTitle "EXT 2024"]
[Source "ChessBase"]
[SourceDate "2023.10.10"]
[SourceVersion "1"]
[SourceVersionDate "2023.10.10"]
[SourceQuality "1"]
[WhiteTeam "Line III"]
[BlackTeam "Petrin"]
[WhiteTeamCountry "CZE"]
[BlackTeamCountry "CZE"]

1. e4 c5 2. b4 b6 3. bxc5 bxc5 4. Bc4 Bb7 5. Nc3 Nc6 6. f4 e6 7. Nf3 Nd4 8. d3 d5 9. exd5 exd5 10. Nxd4 dxc4 11. Qe2+ Qe7 12. Qxe7+ Bxe7 13. Nf5 Bf6 14. Bb2 cxd3 15. Nd6+ Kf8 16. 0-0 Bd4+ 17. Kh1 Rb8 18. Rfe1 Nf6 19. Rad1 Bxg2+ 20. Kxg2 Rxb2 21. Rxd3 Rxc2+ 22. Ne2 g6 23. Kf3 Kg7 24. Nxd4 cxd4 25. Re7 Rf8 26. a4 Rxh2 27. Rxd4 h5 28. Rxa7 h4 29. Rb4 Rd2 30. Ne4 Nxe4 31. Rxe4 h3 32. Re1 h2 33. Rh1 Rb8 34. Re7 Rbb2 35. Re3 Ra2 36. Kg3 Rxa4 37. f5 gxf5 38. Rf3 Rg4+ 39. Kh3 Rg5 40. Rf4 Kg6 41. Rf3 Rdg2 42. Ra3 R2g4 43. Kxh2 Rh4+ 44. Rh3 Rxh3+ 45. Kxh3 Rh5+ 0-1